000 00869nam a2200265 i 4500
001 170053
003 ES-MaACL
005 20250823104415.0
008 090120s1992 fr |||| | fre d
020 _a2-252-2780-0
080 _a78.01
100 1 _aBailhache, Patrice.
_9139209
245 1 0 _aLeibniz et la théorie de la musique /
_cpar Patrice Bailhache.
260 _aParis :
_bKlincksieck,
_c1992.
300 _a158 p. ;
_c24 cm.
490 1 _aDomaine musicologique ;
_v11
500 _aÍndice.
600 1 4 _aLeibniz, Gottfried Wilhelm
_cFreiherr von.
_971367
600 1 4 _aHenfling, Conrad.
_9139210
650 4 _aMusicología.
_915423
650 7 _aMúsica-
_xTeoría
_2
_9139211
830 0 _aDomaine musicologique ;
_v11
_9222949
852 4 _aES-MaACL
_jE-12403
_9R.140548
_z. - Biblioteca Jacinto Martínez Lacalle
999 _c170053
_d170053